[Event "Kemerovo Region Cup"]
[Site "Kemerovo"]
[Date "2014.08.23"]
[Round "3"]
[White "Sozin, Stepan"]
[Black "Gutov, Andrey"]
[Result "1/2-1/2"]
[WhiteElo "2307"]
[BlackElo "2398"]
[PlyCount "53"]
[EventDate "2014.08.21"]
[EventType "swiss"]
[EventRounds "7"]
[EventCountry "RUS"]
[SourceTitle "CBM 162 Extra"]
[Source "ChessBase"]
[SourceDate "2014.10.17"]
[SourceVersion "1"]
[SourceVersionDate "2014.10.17"]
[SourceQuality "1"]

1. e4 e5 2. Nf3 Nc6 3. c3 Nf6 4. d4 Nxe4 5. d5 Nb8 6. Qe2 Nf6 7. Qxe5+ Qe7 8.
Bc4 Qxe5+ 9. Nxe5 Bd6 10. Nd3 b5 11. Bxb5 Nxd5 12. c4 Nb4 13. Nxb4 Bxb4+ 14.
Bd2 Bxd2+ 15. Nxd2 Bb7 16. O-O O-O 17. Nb3 a6 18. Ba4 Bc6 19. Bxc6 Nxc6 20.
Rfd1 Rfd8 21. Nd4 Nxd4 22. Rxd4 d6 23. Rad1 Kf8 24. c5 Ke7 25. Re4+ Kf8 26.
Red4 Ke7 27. Re4+ 1/2-1/2

[Event "TUR-chT"]
[Site "Kocaeli"]
[Date "2014.08.22"]
[Round "6.5"]
[White "Duman, Aydin"]
[Black "Filippov, Anton"]
[Result "0-1"]
[WhiteElo "2244"]
[BlackElo "2615"]
[PlyCount "140"]
[EventDate "2014.08.18"]
[EventType "team-tourn"]
[EventRounds "13"]
[EventCountry "TUR"]
[SourceTitle "CBM 162 Extra"]
[Source "ChessBase"]
[SourceDate "2014.10.17"]
[SourceVersion "1"]
[SourceVersionDate "2014.10.17"]
[SourceQuality "1"]
[WhiteTeam "Mersin Ezgi"]
[BlackTeam "Akdeniz Belediyesi"]
[WhiteTeamCountry "TUR"]
[BlackTeamCountry "TUR"]

1. e4 e5 2. Nf3 Nc6 3. c3 Nf6 4. d3 d5 5. Nbd2 a5 6. Be2 Bd6 7. O-O O-O 8. a4
Re8 9. exd5 Nxd5 10. Nc4 Bf8 11. Qb3 g6 12. Bg5 Qd7 13. Rad1 Bg7 14. Rfe1 Kh8
15. Bf1 f6 16. Bc1 b6 17. g3 Bb7 18. Bg2 Rad8 19. Ne3 Nce7 20. d4 e4 21. Nd2
Nxe3 22. fxe3 f5 23. Qc2 Nd5 24. Nc4 Qe7 25. b3 h5 26. Bb2 Ba6 27. Bf1 Bxc4 28.
Bxc4 Nf6 29. Bb5 Rg8 30. h3 Kh7 31. Bc4 Rh8 32. Qf2 Bh6 33. Bf1 Nd5 34. c4 Nb4
35. Ba3 Bg5 36. h4 Bh6 37. Qd2 Rhf8 38. Bxb4 axb4 39. Bh3 Rd7 40. Rf1 c5 41. d5
Qd6 42. Kg2 Bg7 43. Qe2 Rdf7 44. Rd2 Be5 45. Qf2 Kg7 46. Rc2 Rf6 47. Qe1 Kf7
48. Rf4 Ke7 49. Ra2 Ra8 50. Qd1 Rff8 51. Kh2 Qf6 52. Qe1 Rfd8 53. Rg2 Kd6 54.
Qd1 Kc7 55. Qe1 Kb7 56. Rc2 Qe7 57. Bf1 Rg8 58. Qf2 Raf8 59. Bh3 Ka6 60. Qf1 g5
61. hxg5 Qxg5 62. Rg2 Bxf4 63. Qxf4 Qxf4 64. exf4 Kb7 65. Re2 Kc7 66. Re3 Kd6
67. Re1 Ke7 68. Re3 Kf6 69. Bf1 h4 70. Be2 hxg3+ 0-1

[Event "TUR-chT"]
[Site "Kocaeli"]
[Date "2014.08.21"]
[Round "4.4"]
[White "Mutlu, Beste"]
[Black "Keskin, Suara"]
[Result "0-1"]
[WhiteElo "1629"]
[BlackElo "1674"]
[PlyCount "162"]
[EventDate "2014.08.18"]
[EventType "team-tourn"]
[EventRounds "13"]
[EventCountry "TUR"]
[SourceTitle "CBM 162 Extra"]
[Source "ChessBase"]
[SourceDate "2014.10.17"]
[SourceVersion "1"]
[SourceVersionDate "2014.10.17"]
[SourceQuality "1"]
[WhiteTeam "Mersin Ezgi"]
[BlackTeam "Hatay Buyuksehir"]
[WhiteTeamCountry "TUR"]
[BlackTeamCountry "TUR"]

1. e4 e5 2. Nf3 Nc6 3. c3 d5 4. d3 dxe4 5. dxe4 Qxd1+ 6. Kxd1 Bg4 7. Be3 O-O-O+
8. Kc2 h6 9. h3 Be6 10. Nbd2 Nf6 11. Bb5 Nd7 12. b4 a6 13. Be2 Ncb8 14. Nb3 f5
15. exf5 Bxf5+ 16. Kb2 Bd6 17. Nfd2 Nf6 18. g4 Bd7 19. Rhd1 Nd5 20. Ne4 Nxe3
21. fxe3 Bc6 22. Nec5 Rdf8 23. Rd2 Rf6 24. Bc4 Nd7 25. Nxd7 Bxd7 26. Bd5 b6 27.
a4 Rhf8 28. a5 b5 29. Rad1 Be6 30. Be4 Bc4 31. Bf5+ Be6 32. Be4 g6 33. Na1 Be7
34. Nc2 Kb8 35. Ne1 Kc8 36. Nd3 Bd6 37. Kc2 Bc4 38. Nb2 Be6 39. Nd3 Bc4 40. Nb2
Be6 41. Nd3 Kb8 42. Rg1 Bc8 43. Rgg2 Bb7 44. Bxb7 Kxb7 45. Nf2 Rf3 46. Kd3 Be7
47. Ke4 Bg5 48. Re2 R3f6 49. Nd3 Rc6 50. Nc5+ Kc8 51. Rd2 Be7 52. Nd7 Rc4+ 53.
Kxe5 Bd6+ 54. Ke6 Re8+ 55. Kf7 Kxd7 56. Kxg6 Re6+ 57. Kh5 Rxc3 58. Rgf2 Ke7 59.
Rd4 Rcxe3 60. h4 Bg3 61. Rf5 R3e5 62. Rd5 Rxd5 63. Rxd5 Bf4 64. Rd4 Bd6 65. g5
hxg5 66. hxg5 Kf7 67. Rg4 Kg7 68. Rd4 Rg6 69. Re4 c5 70. bxc5 Bxc5 71. Re8 Rc6
72. Rb8 Re6 73. Rb7+ Re7 74. Rb8 b4 75. Kg4 Rf7 76. Kh5 Rf5 77. Rb7+ Rf7 78.
Rb8 Be7 79. Rb6 Rf5 80. Kg4 Rxg5+ 81. Kf4 Rxa5 0-1

[Event "Berlin Lichtenberger op 13th"]
[Site "Berlin"]
[Date "2014.08.19"]
[Round "4"]
[White "Muskewitz, Bernd"]
[Black "Woinowski, Michael"]
[Result "1-0"]
[WhiteElo "1969"]
[BlackElo "1731"]
[PlyCount "117"]
[EventDate "2014.08.16"]
[EventType "swiss"]
[EventRounds "9"]
[EventCountry "GER"]
[SourceTitle "CBM 161 Extra"]
[Source "ChessBase"]
[SourceDate "2014.08.29"]
[SourceVersion "1"]
[SourceVersionDate "2014.08.29"]
[SourceQuality "1"]

1. e4 e5 2. Nf3 Nc6 3. c3 Nf6 4. d4 exd4 5. e5 Nd5 6. cxd4 Bb4+ 7. Bd2 Bxd2+ 8.
Qxd2 d6 9. Nc3 Nxc3 10. Qxc3 O-O 11. Be2 Bg4 12. O-O dxe5 13. dxe5 Qe7 14. Rfe1
Rad8 15. Rac1 Rd5 16. h3 Be6 17. a3 a6 18. Bxa6 Nxe5 19. Bxb7 Nxf3+ 20. Qxf3
Rd2 21. Qc3 Rfd8 22. Be4 Qh4 23. Qf3 Rxb2 24. Rxc7 Rb3 25. Re3 Rxe3 26. Qxe3
Rd1+ 27. Kh2 Qd8 28. Rc3 Qd6+ 29. g3 Qa6 30. Rd3 Rxd3 31. Qxd3 Qxd3 32. Bxd3
Bd5 33. a4 h6 34. a5 Kf8 35. f4 Ke7 36. Kg1 Kd6 37. Kf2 Kc5 38. Ke3 Bg2 39. h4
Bc6 40. a6 Kb6 41. Kd4 Bf3 42. Ke5 Bd1 43. Kd6 Bb3 44. f5 g5 45. fxg6 fxg6 46.
Bxg6 Kxa6 47. Ke5 Kb6 48. Kf6 Kc5 49. Kg7 Kd4 50. Kxh6 Bd1 51. Kg5 Ke5 52. h5
Bxh5 53. Bxh5 Ke6 54. Kg6 Ke7 55. Kg7 Ke6 56. g4 Ke5 57. g5 Kf5 58. g6 Kg5 59.
Be2 1-0

[Event "FICS rated standard game"]
[Site "FICS freechess.org"]
[Date "2014.08.18"]
[Round "?"]
[White "lbakay"]
[Black "RenatoForf"]
[Result "0-1"]
[WhiteElo "2082"]
[BlackElo "2043"]
[PlyCount "42"]
[EventDate "2014.??.??"]
[SourceTitle "OM Portal C 201906"]
[Source "Opening Master"]
[SourceDate "2019.06.27"]
[SourceVersion "1"]
[SourceVersionDate "2019.06.27"]
[SourceQuality "1"]

1. e4 e5 2. Nf3 Nc6 3. c3 Nf6 4. d4 d6 5. d5 Ne7 6. c4 Ng6 7. Nc3 Be7 8. Bd3
O-O 9. O-O h6 10. Bxh6 gxh6 11. Bc2 Nh7 12. Ne1 Nf4 13. Nd3 Nxd3 14. Qxd3 f5
15. Qg3+ Kh8 16. Qh3 f4 17. Qxh6 Rf6 18. Qh5 Kg7 19. Bd3 Rh6 20. Qd1 Ng5 21. g3
f3 0-1

[Event "Split op 4th"]
[Site "Split"]
[Date "2014.08.17"]
[Round "3"]
[White "Neuman, Petr"]
[Black "Zelic, Mladen"]
[Result "1/2-1/2"]
[WhiteElo "2481"]
[BlackElo "2271"]
[PlyCount "35"]
[EventDate "2014.08.16"]
[EventType "swiss"]
[EventRounds "9"]
[EventCountry "CRO"]
[SourceTitle "CBM 161 Extra"]
[Source "ChessBase"]
[SourceDate "2014.08.29"]
[SourceVersion "1"]
[SourceVersionDate "2014.08.29"]
[SourceQuality "1"]

1. e4 e5 2. Nf3 Nc6 3. c3 f5 4. d4 fxe4 5. Nxe5 Qf6 6. Ng4 Qg6 7. Bf4 d5 8. Ne3
Qf7 9. Bg3 Nf6 10. Be2 h5 11. h3 Be6 12. Nd2 O-O-O 13. b4 h4 14. Bh2 Bd6 15.
Bxd6 Rxd6 16. Nb3 Kb8 17. Qd2 Nh5 18. Bxh5 1/2-1/2

[Event "Stare Mesto op"]
[Site "Stare Mesto"]
[Date "2014.08.12"]
[Round "6"]
[White "Simacek, Pavel"]
[Black "Mojzis, Jaroslav"]
[Result "1-0"]
[WhiteElo "2473"]
[BlackElo "2137"]
[PlyCount "125"]
[EventDate "2014.08.08"]
[EventType "swiss"]
[EventRounds "10"]
[EventCountry "CZE"]
[SourceTitle "CBM 162 Extra"]
[Source "ChessBase"]
[SourceDate "2014.10.17"]
[SourceVersion "1"]
[SourceVersionDate "2014.10.17"]
[SourceQuality "1"]

1. e4 e5 2. Nf3 Nc6 3. c3 Nf6 4. d4 Nxe4 5. d5 Ne7 6. Nxe5 Ng6 7. Qf3 Nf6 8.
Nxg6 hxg6 9. Bg5 Be7 10. Bc4 d6 11. Nd2 O-O 12. h4 Ng4 13. O-O-O Ne5 14. Qg3
Nxc4 15. Nxc4 Bf6 16. Rd4 a5 17. Rf4 Re8 18. Ne3 Re5 19. Bxf6 gxf6 20. Qf3 f5
21. Qd1 Qe8 22. Rf3 Re4 23. h5 f4 24. hxg6 fxg6 25. Qg1 Qe5 26. Qh2 Qh5 27.
Qxh5 gxh5 28. Rh4 Bd7 29. Rhxf4 Rxf4 30. Rxf4 Kg7 31. Kd2 Kg6 32. g3 Re8 33.
Rc4 Rc8 34. Re4 Kf6 35. Rf4+ Kg6 36. Kd3 Re8 37. Re4 Rc8 38. Kd4 Kf6 39. Nc4 b6
40. Ne3 Rh8 41. Rh4 Be8 42. Ng2 Rg8 43. Nf4 Rg5 44. Rh1 Re5 45. Nd3 Rf5 46. c4
Bg6 47. Re1 Kg5 48. Nf4 Bf7 49. Re7 h4 50. Ke3 Kg4 51. Re4 hxg3 52. Ne2+ Kg5
53. Nxg3 Rf6 54. Re7 Kg4 55. Rxc7 Rf3+ 56. Ke2 Rf4 57. Nf1 Bh5 58. Ng3 Bg6 59.
Rg7 Kg5 60. b3 Kf6 61. Rd7 Ke5 62. Ke3 Rh4 63. f4+ 1-0

[Event "IND-ch U15"]
[Site "Thrissur"]
[Date "2014.08.11"]
[Round "10"]
[White "Aansh, Gupta"]
[Black "Eashwar, M."]
[Result "1/2-1/2"]
[WhiteElo "1954"]
[BlackElo "1906"]
[PlyCount "69"]
[EventDate "2014.08.04"]
[EventType "swiss"]
[EventRounds "11"]
[EventCountry "IND"]
[SourceTitle "CBM 162 Extra"]
[Source "ChessBase"]
[SourceDate "2014.10.17"]
[SourceVersion "1"]
[SourceVersionDate "2014.10.17"]
[SourceQuality "1"]

1. e4 e5 2. Nf3 Nc6 3. c3 Nf6 4. d4 d5 5. Bb5 Nxe4 6. Nxe5 Bd7 7. Nxd7 Qxd7 8.
O-O Be7 9. Nd2 Nd6 10. Ba4 O-O 11. Nf3 b5 12. Bc2 f5 13. Bf4 Nf7 14. h4 h6 15.
Qd2 Bd6 16. h5 Ne7 17. Rae1 Rae8 18. Re2 c6 19. Rfe1 Qc7 20. Bxd6 Nxd6 21. Qf4
Qd7 22. Ne5 Qc8 23. Nd3 Qd8 24. Nc5 Rf7 25. f3 a5 26. b3 b4 27. Re6 Nb5 28. Nb7
Qd7 29. Nxa5 Ra8 30. cxb4 Qa7 31. Rd1 Nc3 32. Rde1 Nb5 33. Rd1 Nc3 34. Rd3 Nxa2
35. Qd6 1/2-1/2

[Event "Tromso ol (Women) 41st"]
[Site "Tromso"]
[Date "2014.08.11"]
[Round "9.4"]
[White "Dierckens, Sarah"]
[Black "Manova, Ivana"]
[Result "1-0"]
[WhiteElo "1873"]
[BlackElo "1626"]
[PlyCount "101"]
[EventDate "2014.08.02"]
[EventType "team-swiss"]
[EventRounds "11"]
[EventCountry "NOR"]
[SourceTitle "CBM 162"]
[Source "ChessBase"]
[SourceDate "2014.09.17"]
[SourceVersion "1"]
[SourceVersionDate "2014.09.17"]
[SourceQuality "1"]
[WhiteTeam "Belgium (W)"]
[BlackTeam "Macedonia (W)"]
[WhiteTeamCountry "BEL"]
[BlackTeamCountry "MKD"]

1. e4 e5 2. Nf3 Nc6 3. c3 Nf6 4. d4 Nxe4 5. d5 Ne7 6. Nxe5 Ng6 7. Nxg6 hxg6 8.
Be3 Bc5 9. Qf3 Qe7 10. Bxc5 Nxc5+ 11. Be2 d6 12. O-O Bf5 13. b4 Nd7 14. Nd2 f6
15. Bb5 Kf7 16. Rfe1 Ne5 17. Qe2 c6 18. dxc6 bxc6 19. Bxc6 Nxc6 20. Qc4+ Be6
21. Qxc6 Rac8 22. Qf3 Qc7 23. Ne4 Bf5 24. Rad1 d5 25. Rxd5 Qxh2+ 26. Kf1 Qh1+
27. Ke2 Bxe4 28. Rd7+ Kf8 29. Qxe4 Re8 30. Qxe8+ Kxe8 31. Rxh1 Rxh1 32. Rxa7
Rc1 33. Kd3 Rf1 34. Ke2 Rc1 35. Kd2 Rf1 36. Ke3 Rc1 37. Rc7 Ra1 38. Rxg7 g5 39.
Ra7 Rc1 40. Ra3 Rg1 41. g3 Rc1 42. Ke4 Rf1 43. f4 Ke7 44. fxg5 fxg5 45. Rb3 Rf8
46. a4 Kf6 47. b5 Kg6 48. b6 Kh5 49. b7 Rb8 50. c4 Kg4 51. c5 1-0

[Event "Tromso ol (Women) 41st"]
[Site "Tromso"]
[Date "2014.08.10"]
[Round "8.4"]
[White "Nikolovska, Dragana"]
[Black "Hapala, Lisa"]
[Result "1/2-1/2"]
[WhiteElo "1893"]
[BlackElo "2083"]
[PlyCount "39"]
[EventDate "2014.08.02"]
[EventType "team-swiss"]
[EventRounds "11"]
[EventCountry "NOR"]
[SourceTitle "CBM 162"]
[Source "ChessBase"]
[SourceDate "2014.09.17"]
[SourceVersion "1"]
[SourceVersionDate "2014.09.17"]
[SourceQuality "1"]
[WhiteTeam "Macedonia (W)"]
[BlackTeam "Austria (W)"]
[WhiteTeamCountry "MKD"]
[BlackTeamCountry "AUT"]

1. e4 e5 2. Nf3 Nc6 3. c3 d5 4. Qa4 f6 5. Bb5 Nge7 6. exd5 Qxd5 7. O-O e4 8. c4
Qd6 9. Ne1 Bd7 10. Nc3 f5 11. d3 exd3 12. Be3 a6 13. c5 Qf6 14. Nxd3 O-O-O 15.
Bxa6 bxa6 16. Qxa6+ Kb8 17. Qb5+ Kc8 18. Qa6+ Kb8 19. Qb5+ Kc8 20. Qa6+ 1/2-1/2

[Event "Kujawsko Pomorskie-ch op 67th"]
[Site "Inowroclaw"]
[Date "2014.08.10"]
[Round "2"]
[White "Zebracki, Tomasz"]
[Black "Trepkowski, Piotr"]
[Result "1-0"]
[WhiteElo "2009"]
[BlackElo "1705"]
[PlyCount "51"]
[EventDate "2014.08.09"]
[EventType "swiss"]
[EventRounds "9"]
[EventCountry "POL"]
[SourceTitle "OM OTB B 201907"]
[Source "Opening Master"]
[SourceDate "2019.07.06"]
[SourceVersion "2"]
[SourceVersionDate "2019.07.06"]
[SourceQuality "1"]

1. e4 e5 2. Nf3 Nc6 3. c3 Nf6 4. d4 exd4 5. e5 Nd5 6. cxd4 Bb4+ 7. Bd2 O-O 8.
Nc3 Nb6 9. Bd3 d5 10. h4 f5 11. g3 Be6 12. Be3 Qd7 13. Ng5 Rad8 14. Bc2 Nc4 15.
Bc1 N6xe5 16. dxe5 d4 17. O-O dxc3 18. Qxd7 Bxd7 19. Bb3 Bb5 20. Ne6 cxb2 21.
Bxb2 Nxb2 22. Nxd8+ Kh8 23. Nf7+ Rxf7 24. Bxf7 Bxf1 25. Kxf1 Nc4 26. Bxc4 1-0

[Event "Tromso ol (Women) 41st"]
[Site "Tromso"]
[Date "2014.08.09"]
[Round "7.2"]
[White "Muzychuk, Mariya"]
[Black "Saduakassova, Dinara"]
[Result "1/2-1/2"]
[WhiteElo "2530"]
[BlackElo "2375"]
[PlyCount "110"]
[EventDate "2014.08.02"]
[EventType "team-swiss"]
[EventRounds "11"]
[EventCountry "NOR"]
[SourceTitle "CBM 162"]
[Source "ChessBase"]
[SourceDate "2014.09.17"]
[SourceVersion "1"]
[SourceVersionDate "2014.09.17"]
[SourceQuality "1"]
[WhiteTeam "Ukraine (W)"]
[BlackTeam "Kazakhstan (W)"]
[WhiteTeamCountry "UKR"]
[BlackTeamCountry "KAZ"]

1. e4 e5 2. Nf3 Nc6 3. c3 d5 4. Qa4 f6 5. d3 Nge7 6. Be2 Be6 7. O-O Ng6 8. Be3
Be7 9. Nbd2 O-O 10. d4 Qd7 11. dxe5 fxe5 12. exd5 Bxd5 13. Bc4 Kh8 14. Rad1
Bxc4 15. Nxc4 Qg4 16. h3 Qe6 17. Ncd2 Nf4 18. Qb3 Nxh3+ 19. gxh3 Qxh3 20. Qxb7
e4 21. Qxc7 exf3 22. Qg3 Qf5 23. b4 Rf6 24. Qxf3 Qxf3 25. Nxf3 Rxf3 26. Rd7 Bf6
27. b5 Na5 28. Bxa7 Rxc3 29. b6 Ra3 30. Rb1 h6 31. b7 Nxb7 32. Rbxb7 Rxa2 33.
Bd4 Bxd4 34. Rxd4 R8a7 35. Rdd7 Rxb7 36. Rxb7 Kh7 37. Kg2 Kg6 38. Rb6+ Kh5 39.
Kg3 Ra5 40. f3 Kg5 41. Rb7 g6 42. Rb4 h5 43. Rc4 Kf5 44. Rf4+ Ke6 45. Re4+ Re5
46. Ra4 Rb5 47. Re4+ Kf6 48. Rf4+ Rf5 49. Ra4 Kg5 50. Ra8 h4+ 51. Kg2 Rf4 52.
Rh8 Ra4 53. Kh3 Rb4 54. Rf8 Ra4 55. Rf7 Rb4 1/2-1/2

[Event "Tromso ol (Men) 41st"]
[Site "Tromso"]
[Date "2014.08.08"]
[Round "6.4"]
[White "Bersamina, Paulo"]
[Black "Diermair, Andreas"]
[Result "1/2-1/2"]
[WhiteElo "2363"]
[BlackElo "2447"]
[PlyCount "74"]
[EventDate "2014.08.02"]
[EventType "team-swiss"]
[EventRounds "11"]
[EventCountry "NOR"]
[SourceTitle "CBM 162"]
[Source "ChessBase"]
[SourceDate "2014.09.17"]
[SourceVersion "1"]
[SourceVersionDate "2014.09.17"]
[SourceQuality "1"]
[WhiteTeam "Philippines"]
[BlackTeam "Austria"]
[WhiteTeamCountry "PHI"]
[BlackTeamCountry "AUT"]

1. e4 e5 2. Nf3 Nc6 3. c3 d5 4. Qa4 f6 5. exd5 Qxd5 6. Bb5 Nge7 7. O-O e4 8.
Nd4 Bd7 9. Nxc6 Nxc6 10. d4 exd3 11. Rd1 a6 12. Bxd3 Nb4 13. Qb3 Qxb3 14. axb3
Nxd3 15. Rxd3 Bd6 16. Be3 Bf5 17. Rd2 O-O-O 18. Na3 Be7 19. Nc4 Rxd2 20. Nxd2
Rd8 21. b4 Bd3 22. f3 b6 23. Kf2 Kb7 24. Nb3 Bd6 25. g3 h5 26. Nd4 Rh8 27. Rd1
Bg6 28. Ne2 h4 29. Bf4 hxg3+ 30. hxg3 Bxf4 31. Nxf4 Bf7 32. Rd7 Rf8 33. Re7 Kc6
34. Re1 Kd6 35. Rd1+ Kc6 36. Re1 Rh8 37. Re7 Rf8 1/2-1/2

[Event "RUS-chT U20"]
[Site "Kolomna"]
[Date "2014.08.05"]
[Round "4"]
[White "Lebedenko, Olga"]
[Black "Borisova, Polina I"]
[Result "1/2-1/2"]
[WhiteElo "1964"]
[BlackElo "1629"]
[PlyCount "80"]
[EventDate "2014.08.02"]
[EventType "swiss"]
[EventRounds "9"]
[EventCountry "RUS"]
[SourceTitle "EXT 2016"]
[Source "ChessBase"]
[SourceDate "2015.10.10"]
[SourceVersion "1"]
[SourceVersionDate "2015.10.10"]
[SourceQuality "1"]

1. e4 e5 2. Nf3 Nc6 3. c3 Nf6 4. d4 exd4 5. e5 Ne4 6. Qe2 Nc5 7. cxd4 Ne6 8.
Qd1 Bb4+ 9. Nc3 Bxc3+ 10. bxc3 Ne7 11. Bd3 d5 12. O-O h6 13. Nh4 g5 14. Nf5
Nxf5 15. Bxf5 Nf4 16. Bc2 Be6 17. Rb1 Qc8 18. Bxf4 gxf4 19. Qf3 Rg8 20. Kh1 Rg4
21. c4 c6 22. cxd5 Bxd5 23. Be4 Bxe4 24. Qxe4 Qd7 25. Qf3 O-O-O 26. Rfd1 Qf5
27. Rb3 Rdg8 28. d5 Rxg2 29. dxc6 b6 30. Qe2 Kb8 31. Qa6 Qc8 32. Rxb6+ Ka8 33.
Rb7 Rxh2+ 34. Kxh2 Rg2+ 35. Kxg2 Qg4+ 36. Kh2 Qh4+ 37. Kg1 Qg4+ 38. Kh2 Qh4+
39. Kg2 Qg4+ 40. Kh1 Qh3+ 1/2-1/2

[Event "Glorney Cup"]
[Site "Stirling"]
[Date "2014.08.04"]
[Round "2.6"]
[White "Thorpe, Thomas"]
[Black "Murchadha, Oissine"]
[Result "0-1"]
[WhiteElo "1925"]
[BlackElo "1882"]
[PlyCount "92"]
[EventDate "2014.08.04"]
[EventType "team-tourn"]
[EventRounds "6"]
[EventCountry "SCO"]
[SourceTitle "CBM 162 Extra"]
[Source "ChessBase"]
[SourceDate "2014.10.17"]
[SourceVersion "1"]
[SourceVersionDate "2014.10.17"]
[SourceQuality "1"]
[WhiteTeam "Wales"]
[BlackTeam "Ireland"]
[WhiteTeamCountry "WLS"]
[BlackTeamCountry "IRL"]

1. e4 e5 2. Nf3 Nc6 3. c3 Nf6 4. d4 Nxe4 5. d5 Ne7 6. Nxe5 Ng6 7. Nxg6 hxg6 8.
Bd3 Nf6 9. Qe2+ Qe7 10. c4 Qxe2+ 11. Bxe2 Bc5 12. Nc3 d6 13. O-O Bf5 14. Be3
Bxe3 15. fxe3 O-O-O 16. e4 Bd7 17. Rae1 Rde8 18. Bd1 Re7 19. b4 Rhe8 20. h3 b6
21. Kh2 Nh7 22. Re2 g5 23. Ref2 f6 24. Bh5 Rh8 25. Bg6 Nf8 26. Bf5 Bxf5 27.
exf5 Nd7 28. Nb5 a6 29. Na7+ Kb7 30. Nc6 Re4 31. Rc2 g4 32. Rb1 gxh3 33. g3 Ne5
34. Nxe5 Rxe5 35. g4 Re4 36. Rg1 Rh4 37. c5 Rexg4 38. cxd6 cxd6 39. Re1 Rg2+
40. Rxg2 hxg2+ 41. Kxg2 Rd4 42. Re7+ Kc8 43. Re8+ Kd7 44. Ra8 Rxd5 45. Rxa6 Kc6
46. a4 Kb7 0-1

[Event "Remote S7E Easy-195 email"]
[Site "Remote email"]
[Date "2014.08.03"]
[Round "?"]
[White "Tortoza, Carlos Alberto"]
[Black "Klebe, Dieter"]
[Result "1-0"]
[WhiteElo "1632"]
[BlackElo "1594"]
[PlyCount "99"]
[EventDate "2014.??.??"]
[EventType "tourn (corr)"]
[EventRounds "6"]
[EventCountry "GER"]
[SourceTitle "OM Corr 202003"]
[Source "Opening Master"]
[SourceDate "2019.05.30"]
[SourceVersion "2"]
[SourceVersionDate "2019.05.30"]
[SourceQuality "1"]

1. e4 e5 2. Nf3 Nc6 3. c3 Nf6 4. d4 Bd6 5. Bg5 O-O 6. Bc4 Be7 7. d5 Na5 8. Bd3
Nh5 9. Bxe7 Qxe7 10. O-O Nf4 11. Bc2 Nc4 12. b3 Nb2 13. Qd2 Qf6 14. Na3 c5 15.
Bb1 Nbd3 16. Bxd3 Nxd3 17. Qxd3 a6 18. Nc2 b5 19. c4 b4 20. d6 Bb7 21. Rfd1 Qg6
22. Re1 a5 23. Nh4 Qh6 24. Nf5 Qg5 25. Qh3 g6 26. Ne7+ Kh8 27. Qxd7 Rab8 28.
Rad1 Bc8 29. Nxc8 Rbxc8 30. Rd5 Rcd8 31. Qc7 Rc8 32. Qxa5 Ra8 33. Qxc5 Rxa2 34.
Nxb4 Rb2 35. Rd3 Rd2 36. Rg3 Qf4 37. Rf3 Qg4 38. Qxe5+ Kg8 39. Nd5 Rxd5 40.
Qxd5 Qd7 41. c5 Qb5 42. e5 Qb4 43. Kf1 h5 44. e6 Qb5+ 45. Kg1 Qb4 46. Rfe3 Qf4
47. e7 Re8 48. d7 Rxe7 49. d8=Q+ Kh7 50. Rxe7 1-0

[Event "POL-chT U20 1st League"]
[Site "Maslow Pierwszy"]
[Date "2014.08.02"]
[Round "9"]
[White "Woloch, Oskar"]
[Black "Rogala, Milosz"]
[Result "1-0"]
[WhiteElo "1929"]
[BlackElo "1303"]
[PlyCount "85"]
[EventDate "2014.07.25"]
[EventType "team-tourn"]
[EventRounds "9"]
[EventCountry "POL"]
[SourceTitle "EXT 2015"]
[Source "ChessBase"]
[SourceDate "2014.11.20"]
[SourceVersion "1"]
[SourceVersionDate "2014.11.20"]
[SourceQuality "1"]

1. e4 e5 2. Nf3 Nc6 3. c3 Nf6 4. d4 Nxe4 5. d5 Ne7 6. Nxe5 Ng6 7. Qd4 Nxe5 8.
Qxe4 Qe7 9. Be2 Ng6 10. Qxe7+ Bxe7 11. Be3 d6 12. Nd2 f6 13. O-O-O Ne5 14. Nb3
Kf7 15. Nd4 a6 16. Rhe1 Bd7 17. f4 Ng4 18. Bg1 Nh6 19. Bf3 Rac8 20. Re2 Rhe8
21. Rde1 c6 22. Ne6 c5 23. Nxg7 Kxg7 24. Rxe7+ Kg8 25. Bh5 Red8 26. g3 Nf5 27.
R7e2 Ng7 28. Bf3 b5 29. Kd2 Kf8 30. g4 Rb8 31. Bf2 f5 32. Bh4 Re8 33. Be7+ Kg8
34. g5 Rb6 35. Bf6 Rf8 36. Re7 Rf7 37. Rxf7 Kxf7 38. Re7+ Kf8 39. Rxd7 Ne8 40.
Rxh7 Nxf6 41. gxf6 a5 42. Bh5 a4 43. Rh8# 1-0

[Event "Tromso ol (Women) 41st"]
[Site "Tromso"]
[Date "2014.08.02"]
[Round "1.1"]
[White "Lin, Yu Tong Elaine"]
[Black "Rovira Contreras, Tairu Manuela"]
[Result "0-1"]
[WhiteElo "1519"]
[BlackElo "2076"]
[PlyCount "46"]
[EventDate "2014.08.02"]
[EventType "team-swiss"]
[EventRounds "11"]
[EventCountry "NOR"]
[SourceTitle "CBM 162"]
[Source "ChessBase"]
[SourceDate "2014.09.17"]
[SourceVersion "1"]
[SourceVersionDate "2014.09.17"]
[SourceQuality "1"]
[WhiteTeam "Taipei (W)"]
[BlackTeam "Venezuela (W)"]
[WhiteTeamCountry "TPE"]
[BlackTeamCountry "VEN"]

1. e4 e5 2. Nf3 Nc6 3. c3 Nf6 4. Bd3 d5 5. exd5 Qxd5 6. Bc2 e4 7. Bb3 Qf5 8.
Qe2 Be7 9. Nd4 Nxd4 10. cxd4 Qg6 11. f3 exf3 12. Qxf3 O-O 13. O-O Bg4 14. Qxb7
Bd6 15. Nc3 Rab8 16. Qc6 Rb6 17. Qc4 Rb4 18. Qc6 Rxd4 19. Nb5 Bd7 20. Qb7 Rb4
21. Qxa7 Bxb5 22. Re1 Qh5 23. h3 Bc5+ 0-1

[Event "POL-chT U20 1st League"]
[Site "Maslow Pierwszy"]
[Date "2014.07.30"]
[Round "6"]
[White "Woloch, Oskar"]
[Black "Karpus, Michal"]
[Result "1/2-1/2"]
[WhiteElo "1929"]
[BlackElo "1943"]
[PlyCount "100"]
[EventDate "2014.07.25"]
[EventType "team-tourn"]
[EventRounds "9"]
[EventCountry "POL"]
[SourceTitle "EXT 2015"]
[Source "ChessBase"]
[SourceDate "2014.11.20"]
[SourceVersion "1"]
[SourceVersionDate "2014.11.20"]
[SourceQuality "1"]

1. e4 e5 2. Nf3 Nc6 3. c3 Nf6 4. d4 exd4 5. e5 Nd5 6. cxd4 d6 7. exd6 Bxd6 8.
Nc3 Nxc3 9. bxc3 O-O 10. Be2 Bg4 11. O-O Re8 12. h3 Bh5 13. Be3 Bg6 14. Bd3
Bxd3 15. Qxd3 Qf6 16. Rab1 b6 17. Rb5 Qg6 18. Qd1 Na5 19. Nh4 Qe4 20. Nf5 Nc4
21. Qh5 Re6 22. Qg4 Qxg4 23. hxg4 g6 24. Nxd6 Nxd6 25. Rb3 Re4 26. g5 Nc4 27.
Bc1 Re2 28. Rb4 Nd6 29. a4 Rc2 30. Bf4 Rxc3 31. Bxd6 cxd6 32. Ra1 Rac8 33. a5
Rc1+ 34. Rxc1 Rxc1+ 35. Kh2 bxa5 36. Ra4 Rd1 37. Rxa5 Rxd4 38. Rxa7 Rg4 39. Rd7
Rxg5 40. Rxd6 Rf5 41. Kg3 g5 42. f3 Rf4 43. Kf2 Kg7 44. g4 f6 45. Kg3 Kg6 46.
Ra6 h5 47. gxh5+ Kxh5 48. Rb6 Kg6 49. Ra6 Kf5 50. Ra5+ Ke6 1/2-1/2